LEADER 00668nam0 2200229 450 001 000026045 005 20090528120646.0 100 $a20090528d1958----km-y0itay50------ba 101 0 $aeng 102 $aGB 105 $ay-------001yy 200 1 $aSolid state physics$fby Adrianus J. Dekker 210 $aLondon$cMacmillan & Co.$d1958 215 $aXIV, 540 p.$d24 cm 500 10$aSolid state physics$942977 676 $a530.41$v20 700 1$aDekker,$bAdrianus Jacobus$0633529 801 0$aIT$bUNIPARTHENOPE$c20090528$gRICA$2UNIMARC 912 $a000026045 951 $aDISAM 530.41/1$bM 572$cDISAM$d2009 996 $aSolid state physics$942977 997 $aUNIPARTHENOPE LEADER 01270nam0 22002891i 450 001 UON00317697 005 20231205104126.619 010 $a88-215-4377-3 100 $a20081126d2001 |0itac50 ba 101 $aita 102 $aIT 105 $a|||| ||||| 200 1 $aBioetica, diritti umani e multietnicita'$eImigrazione e sistema sanitario nazionale$f[a cura di] Francesco Compagnoni, Francesco D'Agostino 210 $aMilano$cSan Paolo$d2001 215 $a398 p.$d21 cm 606 $aImmigrati$xAssistenza sanitaria$xItalia$3UONC070441$2FI 620 $aIT$dMilano$3UONL000005 676 $a362.108691$cSERVIZI PER SPECIFICHE CATEGORIE DI MALATI FISICI. Persone con status di cambiamenti di residenza$v21 702 1$aCOMPAGNONI$bFrancesco$3UONV182034 702 1$aD'AGOSTINO$bFrancesco$3UONV060469 712 $aSan Paolo$3UONV251834$4650 801 $aIT$bSOL$c20260403$gRICA 899 $aSIBA - SISTEMA BIBLIOTECARIO DI ATENEO E ARCHIVIO STORICO$2UONSI 912 $aUON00317697 950 $aSIBA - SISTEMA BIBLIOTECARIO DI ATENEO E ARCHIVIO STORICO$dSI Q 5 159 $eSI MC 32172 5 996 $aBioetica, diritti umani e multietnicita$91374202 997 $aUNIOR